000 00448nam a22001937a 4500
003 bpm
005 20260427110447.0
008 260427b |||||||| |||| 00| p spa d
024 _aS. C. C. / M. C. y E. M.:
040 _aAR-CtUCP
041 _aspa
080 _aCDU
100 _aMauriño Alejandro
245 _aTrasueño
260 _aCorrientes
_bEl Mariscal
_c1998
650 _aLiteratura - Poesía
942 _cLIB
999 _c76697
_d76697